000 00657nam a2200277Ia 4500
005 20260324135120.0
008 008 260324s9999 xx 000 0 eng d
020 _a9781315830698
037 _aEBOOK
040 _aCRL
040 _beng
040 _cCRL
041 _2eng
041 _aeng
084 _qCRL
100 _aJustin Wintle Esq; Justin Wintle
_91199397
245 0 _aMakers of Nineteenth Century Culture
260 _bTaylor and Francis
260 _c2001
365 _a
365 _b325
856 _uhttp://www.taylorfrancis.com/books/9781315830698
942 _cEBOOK
999 _c1800142
_d1800142